| 000 | 01113cam a22003255a 4500 | ||
|---|---|---|---|
| 001 | 17959995 | ||
| 005 | 20160418154207.0 | ||
| 008 | 131202s2014 nyu frb 001 0 eng d | ||
| 020 | _a9781137380630 (pbk.) | ||
| 040 |
_aDLC _beng _cDLC _dDLC _dEG-ScBUE |
||
| 043 | _aaw----- | ||
| 082 | 0 | 4 |
_222 _a306.6970956 _bJUN |
| 100 | 1 |
_aJung, Dietrich, _d1959- _939851 |
|
| 245 | 1 | 0 |
_aPolitics of modern Muslim subjectivities : _bIslam, youth, and social activism in the Middle East / _cDietrich Jung, Marie Juul Petersen, and Sara Lei Sparre. |
| 250 | _a1st ed. | ||
| 260 |
_aNew York : _bPalgrave Macmillan, _c2014. |
||
| 300 |
_ax, 213 p. ; _c24 cm. |
||
| 490 | 0 | _aThe modern Muslim world. | |
| 500 | _aIndex : p. [203]-213. | ||
| 504 | _aBibliography : p. [193]-202. | ||
| 650 | 0 |
_aIslam and civil society _zMiddle East. _2BUEsh |
|
| 650 | 0 |
_aIslam _xSocial aspects _zMiddle East. _2BUEsh |
|
| 650 | 0 |
_aSocial change _zMiddle East. _2BUEsh |
|
| 651 | _2BUEsh | ||
| 653 |
_bPPhrm _cApril2016 |
||
| 655 |
_vReading book _934232 |
||
| 700 | 1 | _aPetersen, Marie Juul. | |
| 700 | 1 | _aSparre, Sara Lei. | |
| 942 | _2ddc | ||
| 999 |
_c21649 _d21621 |
||